000 00745nam a22002655i 4500
001 20115332
003 OSt
005 20230525080232.0
008 171102s2017 nyu 000 0 eng
010 _a 2017959544
020 _a9783319718606
040 _aDLC
_beng
_erda
_cDLC
042 _apcc
082 _a307.1216 M311
245 0 0 _aLand use and spatial planning./
_cBy Graciela Metternicht
263 _a1712
264 1 _aNew York, NY :
_bSpringer Berlin Heidelberg,
_c2017.
300 _a133 p.
_c23 cm
336 _atext
_btxt
_2rdacontent
337 _aunmediated
_bn
_2rdamedia
338 _avolume
_bnc
_2rdacarrier
906 _a0
_bibc
_corignew
_d2
_eepcn
_f20
_gy-gencatlg
942 _2ddc
_cBK-EN
_n0
999 _c6039
_d6039